00730pam a2200229 a 4500001000800000005001700008008004100025010001700066020004200083040001800125041000800143080001300151082002100164100000700185101000800192245004600200504006400246906004500310942001200355999001700367952011600384344882020180313050040.0920226s1992 nyua b 001 0 eng  a 92009386  a0195078543 (acidfree paper) :c$25.00 aDLCcDLCdDLC aeng a659.193200a659.1932 JAM2201 a20 aSHP10aDirty politics :cKathleen Hall Jamieson. aIncludes bibliographical references (p. 310-327) and index. a7bcbccorignewd1eocipf19gy-gencatlg 2ddccBK c44829d44829 00102udc40708PËKGa002b002cPËKGd2018-03-13l0o659.1932 JAMp002-3002172r2018-03-13w2018-03-13yBK